<?xml version="1.0" encoding="UTF-8"?>
<marc:record xmlns:marc="http://www.loc.gov/MARC21/slim">
   <marc:leader>00000nam a2200000 a 4500</marc:leader>
   <marc:datafield ind1="1" ind2=" " tag="100">
      <marc:subfield code="a">Schröder, Sven Maria</marc:subfield>
      <marc:subfield code="4">aut</marc:subfield>
      <marc:subfield code="e">Verfasser/-in</marc:subfield>
   </marc:datafield>
   <marc:datafield ind1=" " ind2=" " tag="653">
      <marc:subfield code="a">Gemeinschaft</marc:subfield>
   </marc:datafield>
   <marc:datafield ind1=" " ind2=" " tag="653">
      <marc:subfield code="a">Mut</marc:subfield>
   </marc:datafield>
   <marc:datafield ind1=" " ind2=" " tag="653">
      <marc:subfield code="a">Außenseiter</marc:subfield>
   </marc:datafield>
   <marc:datafield ind1="0" ind2="0" tag="245">
      <marc:subfield code="a">Der kleine Beuteldachs... ganz schön mutig!</marc:subfield>
   </marc:datafield>
   <marc:datafield ind1="0" ind2="0" tag="245">
      <marc:subfield code="c">Sven Maria Schröder</marc:subfield>
   </marc:datafield>
   <marc:datafield ind1=" " ind2="1" tag="264">
      <marc:subfield code="a">Frankfurt am Main</marc:subfield>
      <marc:subfield code="b">Fischer Sauerländer</marc:subfield>
      <marc:subfield code="c">2023</marc:subfield>
   </marc:datafield>
   <marc:datafield ind1="1" ind2=" " tag="520">
      <marc:subfield code="a">Quelle: bn.bibliotheksnachrichten (http://www.biblio.at/literatur/bn/index.html); #Autor: Maria Schmuckermair; #Vater und Sohn Beuteldachs wandern durch den dunklen Wald, um Oma zu besuchen. (ab 3) (JD)#Der kleine Beuteldachs möchte zusammen mit seinem Papa der Großmutter einen Besuch abstatten. Mit einem feinen Kuchen im Gepäck machen sie sich auf den Weg ans andere Ende des Waldes. Der Kleine wittert bei jedem Knacken und Rascheln einen bedrohlichen Feind: einen großen Bären, einen Hirsch, einen hungrigen Fuchs, eine giftige Schlange, ein gefräßiges Wildschwein oder einen bösen Wolf. Mit gereimten Argumenten will der Vater dem Sohn die Furcht nehmen  bis sich herausstellt, dass diese angeblich so gefährlichen Waldbewohner selbst Angst haben und sich deshalb verstecken. In einem versöhnlichen gemeinsamen Picknick verputzen die Tiere nun die eigentlich für die Beuteldachs-Oma bestimmte Torte.#Vorwiegend in Grün gehalten, vermittelt die Illustration ein sehr lebendiges Szenario im Wald, wo versteckt hinter Bäumen, getarnt durch Blätter, aus Astlöchern herausguckend eine Vielfalt von bunten, großen und kleinen Tieren zu sehen ist. Kleine Betrachter*innen erfreuen sich am wohligen Grusel und genießen das versöhnliche Ende. Ab 3 Jahren sehr zu empfehlen!</marc:subfield>
   </marc:datafield>
   <marc:datafield ind1=" " ind2=" " tag="020">
      <marc:subfield code="a">9783737359757</marc:subfield>
      <marc:subfield code="9">9783737359757</marc:subfield>
   </marc:datafield>
   <marc:datafield ind1=" " ind2=" " tag="041">
      <marc:subfield code="a">ger</marc:subfield>
   </marc:datafield>
   <marc:datafield ind1=" " ind2=" " tag="300">
      <marc:subfield code="a">28 ungezählte Seiten</marc:subfield>
   </marc:datafield>
</marc:record>
